Architektúry počítačových systémov princípy, štruktúrna organizácia, funkcia

Bibliographic Details
Main Author: Jelšina, Milan, 1934-2006 (Author)
Format: Book
Language:Slovak
PhysicalDescription:xii, 467 strán schémy, tabuľky 25 cm
Published: Košice Elfa 2002
ISBN:8089066402
Edition:[1. vydanie]
Subjects:

MARC

LEADER 00000cam a2200000 a 4500
001 vtls001456452
003 SK-MaSNL
005 20260301163206.0
008 240226s2002 xo l grn 001 0 slo
015 |a SNBA2004/02-01077 
020 |a 8089066402 
035 |a SNK000411759 
035 |a urn:nbn:sk:snk-am3j18h 
035 |a 96DCA785-8904-4F32-9106-E923B78A5581 
035 |a urn:nbn:sk:snk-am00gmd3 
040 |a SNK  |b slo  |c SNK  |e AACR2 
041 0 |a slo 
044 |a xo  |c SK 
072 7 |a 004.2  |x Počítačová architektúra  |2 konspekt 
080 |a 004.2  |2 1997 
080 |a 004.03  |2 2011 
080 |a 004.2  |2 2011 
080 |a (048.8)  |2 2011 
100 1 |a Jelšina, Milan,  |d 1934-2006  |4 aut  |9 194553 
245 1 0 |a Architektúry počítačových systémov  |b princípy, štruktúrna organizácia, funkcia  |c Milan Jelšina 
250 |a [1. vydanie] 
260 |a Košice  |b Elfa  |c 2002 
300 |a xii, 467 strán  |b schémy, tabuľky  |c 25 cm 
366 |e 300 kusov 
504 |a Bibliografia na strane 457-467 ; register ; skratky 
650 0 7 |a počítačové systémy  |2 SNKPH  |9 1867 
650 0 7 |a počítačová architektúra  |2 SNKPH  |9 1879 
655 7 |a monografie  |2 SNKPH  |9 70139 
919 |a 80-89066-40-2 
958 |a NB 
958 |a OND 
999 |c 816050  |d 817980 
952 |t P60, <03>, [BOOK], {603}  |a SNK  |b SNK  |y PREZ  |7 0  |p 17A0389575  |o snkSC 112228  |i snkKSP 8417/2003  |0 0  |1 0  |4 0  |d 2003-07-10  |f 1  |l 0  |r 2025-10-02 00:00:00  |w 2026-02-24 
952 |t P60, <04>, [BOOK], {604}  |a SNK  |b SNK  |y VYP  |7 0  |p 17A0389576  |o snkSC 112228 D1  |i snkKSP 8418/2003  |0 0  |1 0  |4 0  |d 2003-07-10  |l 0  |r 2005-01-02 00:00:00  |w 2026-02-24